| 000 | 00649cam a2200205 4500 | ||
|---|---|---|---|
| 001 | B100 | ||
| 008 | 090401t1986 xxu||||| |||| 00| 0 eng d | ||
| 035 | _a(Sirsi) u33550 | ||
| 041 | _aeng | ||
| 050 | _a711.52094215 | ||
| 110 |
_aHenley Centre _91868 |
||
| 245 | 4 | _aThe economic impact of the Canary Wharf development and extension to the Docklands Light Railway :preliminary report prepared for the Canary Wharf Development Co. Ltd. | |
| 260 |
_aLondon _bCanary Wharf Development Co. Ltd _c1986 |
||
| 300 | _a21 leaves ; 30cm. | ||
| 350 | _a8.5 | ||
| 650 | _aDOCKLAND REDEVELOPMENT | ||
| 650 | _aLONDON | ||
| 942 | _n0 | ||
| 948 | _c04/03/1997 | ||
| 999 |
_c89817 _d89817 |
||